000 01364nim a2200337 a 4500
999 _c5919
_d5919
001 5919
003 BD-JhCC
005 20210927134020.0
008 171230s1988 ilu | |l0 | eng d
020 _a9781442348431
020 _a1442348437
035 _a(BD-JhCC)5919
040 _aBD-JhCC
_cLPU
_dBD-JhCC
_dBTCTA
_dOCLCO
_dTEF
_dDLC
_dBD-JhCC
041 _aeng
050 0 0 _aSDC 22766
082 _a158
_bNIG 2006
100 1 _aNightingale, Earl.
245 1 4 _aThe strangest secret /
_cEarl Nightingale.
260 _aSt. Niles, IL :
_bNightingale-Conant Corp. ;
_aNew York :
_bSimon & Schuster Audio,
_c1988.
300 _a5 sound discs (ca. 6 hrs.) :
_bdigital, stereo. ;
_c4 3/4 in.
500 _aSubtitle from container.
500 _aUnabridged.
500 _aCompact disc.
520 _aIn 1956 Earl Nightingale delivered an electrifying message to the salespeople at his insurance company, and today it remains one of the most influential personal development messages ever made. This message has been expanded into a complete program that can help you discover the key to success in the business, no matter what changes may be happening in the world.
650 0 _aSuccess in business.
650 0 _aSuccess
_xPsychological aspects.
650 0 _aSelf-realization.
655 7 _aAudiobooks.
_2lcgft
942 _2ddc
_cBK
_05